000 00329nam a2200133 4500
005 20260530113850.0
100 1 _aMalcom Gladwell
_931161
245 1 0 _aThe TIPPING POINT
264 1 _bBack Bay Books
_c2002
300 _a316 páginas
336 _atexto
_2rdacontent
337 _asin medio
_2rdamedia
338 _avolumen
_2rdacarrier
999 _c11429
_d11429